Aristóteles : (Registro nro. 25790)
[ vista simple ]
| 000 -LEADER | |
|---|---|
| fixed length control field | 01090cam a2200301 i 4500 |
| 001 - CONTROL NUMBER | |
| control field | 25790 |
| 003 - CONTROL NUMBER IDENTIFIER | |
| control field | Mx-PuUPA |
| 005 - DATE AND TIME OF LATEST TRANSACTION | |
| control field | 20250212115941.0 |
| 008 - FIXED-LENGTH DATA ELEMENTS--GENERAL INFORMATION | |
| fixed length control field | 140415s2022 cl gr 000 0 spa d |
| 020 ## - INTERNATIONAL STANDARD BOOK NUMBER | |
| International Standard Book Number | 9789568639495 |
| 040 ## - CATALOGING SOURCE | |
| Original cataloging agency | Mx-PuUPA |
| Language of cataloging | spa |
| Transcribing agency | Mx-PuUPA |
| Modifying agency | Mx-PuUPA |
| Description conventions | rda |
| 041 0# - LANGUAGE CODE | |
| Language code of text/sound track or separate title | spa |
| 100 1# - MAIN ENTRY--PERSONAL NAME | |
| Personal name | Vigo, Alejandro G., |
| Dates associated with a name | 1958- |
| 9 (RLIN) | 16731 |
| Relator term | autor |
| 245 10 - TITLE STATEMENT | |
| Title | Aristóteles : |
| Remainder of title | una introducción / |
| Statement of responsibility, etc. | Alejandro G. Vigo |
| 250 ## - EDITION STATEMENT | |
| Edition statement | Segunda edición / |
| Remainder of edition statement | marzo, revisada y ampliada |
| 264 #1 - PRODUCTION, PUBLICATION, DISTRIBUTION, MANUFACTURE, AND COPYRIGHT NOTICE | |
| Place of production, publication, distribution, manufacture | Chile : |
| Name of producer, publisher, distributor, manufacturer | Instituto de Estudios de la Sociedad, |
| Date of production, publication, distribution, manufacture, or copyright notice | 2022 |
| 300 ## - PHYSICAL DESCRIPTION | |
| Extent | 426 páginas ; |
| Dimensions | 23 cm |
| 336 ## - CONTENT TYPE | |
| Fuente | rdacontent |
| Content type term | texto |
| Content type code | txt |
| 337 ## - MEDIA TYPE | |
| Source | rdamedia |
| Media type term | sin medio |
| Media type code | n |
| 338 ## - CARRIER TYPE | |
| Source | rdacarrier |
| Carrier type term | volumen |
| Carrier type code | nc |
| 490 0# - SERIES STATEMENT | |
| Series statement | Colección Pensadores |
| 545 1# - BIOGRAPHICAL OR HISTORICAL DATA | |
| Biographical or historical data | Reimpresiones: (Segunda, marzo 2024). |
| 600 0# - SUBJECT ADDED ENTRY--PERSONAL NAME | |
| Personal name | Aristóteles, |
| Dates associated with a name | 384-322 a. C. |
| General subdivision | Crítica e interpretación |
| 650 #7 - SUBJECT ADDED ENTRY--TOPICAL TERM | |
| Source of heading or term | armarc |
| Topical term or geographic name entry element | Filosofía antigua |
| Chronological subdivision | Siglo IV a. C. |
| 9 (RLIN) | 13986 |
| 942 ## - ADDED ENTRY ELEMENTS (KOHA) | |
| Source of classification or shelving scheme | Dewey Decimal Classification |
| Koha item type | Libro |
| Classification part | 185 |
| Item part | V67 |
| Withdrawn status | Lost status | Source of classification or shelving scheme | Damaged status | Not for loan | Collection code | Home library | Current library | Shelving location | Date acquired | Total Checkouts | Total Renewals | Full call number | Barcode | Checked out | Date last seen | Date last checked out | Price effective from | Koha item type |
|---|---|---|---|---|---|---|---|---|---|---|---|---|---|---|---|---|---|---|
| Dewey Decimal Classification | General | Biblioteca Karol Wojtyla | Biblioteca Karol Wojtyla | Módulo de circulación | 03/12/2013 | 2 | 2 | 185 V67 2022 | 47996 | 17/02/2027 | 08/05/2025 | 08/05/2025 | 03/12/2013 | Magisterial |